| 000 | 00764cab a2200253 4500 | ||
|---|---|---|---|
| 001 | ABS60127 | ||
| 008 | 090401t1999 xxu||||| |||| 00| 0 eng d | ||
| 035 | _a(Sirsi) u99739 | ||
| 041 | _aeng | ||
| 100 | _aMelvin, J. | ||
| 245 | _aClear Bluewater | ||
| 260 | _c1999 | ||
| 350 | _a0 | ||
| 490 |
_aEstates Gazette _v(9908) 27 February 1999, 57-67(11) |
||
| 520 | _aA detailed report on Bluewater, Lend Lease`s new £1.1bn shopping mall, due to open in March 1999. Includes plans and diagrams. | ||
| 650 | _aBLUEWATER REGIONAL SHOPPING CENTRE | ||
| 650 | _aKENT | ||
| 650 | _aRETAIL DEVELOPMENT | ||
| 650 | _aSHOPPING CENTRES | ||
| 690 | _aPROPERTY-COMMERCIAL PROPERTY-RETAIL PROPERTY | ||
| 700 | _aRoberts, J. | ||
| 942 | _n0 | ||
| 948 | _c05/03/1999 | ||
| 999 |
_c59975 _d59975 |
||